|
|
|
|
| LEADER |
00893nam a22002892a 4500 |
| 001 |
000753375 |
| 003 |
CZ BrMZK |
| 005 |
20131007104844.0 |
| 007 |
ta |
| 008 |
041203s1967 xr er|||||||||||cze d |
| 040 |
|
|
|a BOA001
|b cze
|c BOA001
|
| 041 |
0 |
|
|a cze
|b ger
|b rus
|
| 100 |
1 |
|
|a Bartoš, Emanuel,
|d 1902-1966
|7 jk01010894
|4 aut
|
| 245 |
1 |
0 |
|a Želvuška - Tardigrada /
|c Emanuel Bartoš
|
| 250 |
|
|
|a 1. vyd.
|
| 260 |
|
|
|a Praha :
|b Academia,
|c 1967
|
| 300 |
|
|
|a 190 s.
|
| 490 |
1 |
|
|a Fauna ČSSR ;
|v sv. 17
|
| 504 |
|
|
|a Obsahuje bibliografii
|
| 505 |
0 |
0 |
|t Jazyčnatky - Pentastomida /
|r Jaroslav Šlais
|g S. 193-222
|
| 546 |
|
|
|a Německé a ruské resumé
|
| 700 |
1 |
|
|a Šlais, Jaroslav,
|d 1922-1991
|7 jk01130419
|4 aut
|
| 830 |
|
0 |
|a Fauna ČSSR
|
| 910 |
|
|
|a BOA001
|b 2-0576.138
|
| 990 |
|
|
|a BK
|
| 991 |
|
|
|b 200501
|
| 996 |
7 |
|
|b 2619212968
|c 2-0576.138
|l HP2
|r DEN
|n 6
|w 000753375
|u 000010
|a 1
|e BOA001
|j MZK50
|s A
|